000 01073nam a2200313Ia 4500
001 Z_1966
003 CHAP
008 220113s1997 xx 000 0 und d
010 _a165039
040 _cCHAP
090 _aTesis A 1197
100 _aAguirre Ortega, José Manuel
_93024
245 _aEfecto del nivel y fuente de suplementación proteínica en la utilización de la médula de caña por becerros en desarrollo /
_c José Manuel Aguirre Ortega y Fernando Jesús Pérez Ramírez
260 _aChapingo, Méx. :
_bEl autor,
_c1997
300 _a64 h.
440 _a
502 _aTesis (Ing. Agr. Esp. en Zootecnia) -- UACH. Departamento de Zootecnia
503 _a
650 _aBecerros
_xNutrición
_911184
650 _aCaña de azúcar como forraje
_918673
650 _aForrajes toscos
_942612
650 _aProteínas en nutrición animal I. UACH. Departamento de Zootecnia II. t. III. Pérez Ramírez, Fernando Jesús
_9139056
901 _aTesis A 1197
902 _aA
910 _a1997
942 _c2
942 _c2
999 _c165039
_d165039